Statistics for MCU Movie by Heroes

Click here to take the quiz!

General Stats

  • This quiz has been taken 173 times
  • The average score is 9 of 17

Answer Stats

Heroes Movie % Correct
Spider-Man, Iron ManSpider-Man: Homecoming
98%
Iron Man, War MachineIron Man
80%
Ant-Man, Wasp, Falcon, Captain America, Winter SoldierAnt-Man
64%
Doctor Strange, ThorDoctor Strange
64%
Iron Man, Captain America, Thor, Hulk, Black Widow, HawkeyeThe Avengers
60%
ThorThor: The Dark World
49%
Star-Lord, Gamora, Groot, Rocket Raccoon, DraxGuardians of the Galaxy
47%
Captain America, Winter SoldierCaptain America: The First Avenger
47%
Iron Man, Captain America, Thor, Hulk, Black Widow, Hawkeye, Scarlet Witch, Quicksilver, Falcon, Vision, War MachineAvengers: Age of Ultron
47%
Iron Man, War Machine, Black WidowIron Man 2
46%
Thor, HawkeyeThor
45%
Iron Man, War Machine, HulkIron Man 3
42%
Hulk, Iron ManThe Incredible Hulk
40%
Captain America, Iron Man, Black Panther, Spider-Man, Vision, Scarlet Witch, Hawkeye, Black Widow, Ant-Man, Falcon, War Machine,Captain America: Civil War
37%
Thor, Hulk, Valkyrie, Doctor StrangeThor Ragnarok
31%
Captain America, Black Widow, Falcon, Winter Soldier, Scarlet Witch, QuicksilverCaptain America: The Winter Soldier
29%
Star-Lord, Gamora, Groot, Rocket Raccoon, Drax, MantisGuardians of the Galaxy Vol. 2
29%

Score Distribution

Percentile by Number Answered

Percent of People with Each Score

Your Score History

You have not taken this quiz